000 00900cam a2200229 4500
001 L157968
008 130906n2013 000 0 eng u
020 _a9781137302410
035 _a(Sirsi) u157968
041 _aeng
100 _aIsaac, David
245 _aProperty valuation techniques
250 _a3rd
260 _aBasingstoke
_bPalgrave Macmillan
_c2013
300 _axii,249p; 24cm.
520 _aLooks at a range of property valuation techniques including discounted cash flow, equated and equivalent yields, equivalent rents, premiums and lease incentives, leasehold valuations, development valuation and cash flows, risk, gearing and finance options. Includes worked examples and topic based self assessment questions and model answers.
651 4 _aUnited Kingdom
_y
690 _aValuation
_96273
690 _aInvestments
_96250
700 _aO'Leary, John
942 _n0
999 _c115041
_d115041